000
00338nam a2200133Ia 4500
008
240624s9999 xx 000 0 und d
041
_a
eng
082
_a
658.4012 FIS
100
_a
FISK PETER
245
_a
GAMECHANGERS ARE YOU READY TO CHANGE THE
260
_c
2015
_a
New Jersey
_b
Wiley
300
_a
306 : p. : cm. ; 18
365
_c
_b
30
999
_c
26955
_d
26955